Le titre est dans les paroles - SANTA - Statistiques

Statistiques générales
  • Ce quiz a été pris 42 fois
  • Le résultat moyen est 4 sur 12
Statistiques - réponses
Réponse % Correct
Y aura du {popcorn} {salé}Y aura un nouveau monde à nos pieds
97%
Et si tout tourne, tourne, tourne, ce sera la nôtre1, 2, 3, {recommence}-{moi}
95%
Tu feras {la} {différence}Ton coeur prend des vacances
49%
Au {paradis}, il fait beauC'est pas moi qui le dit, ce sont les oiseaux
38%
{Eva} a déjà fait la plupart de ses choixElle ne reviendra pas à l'école
27%
Plus rien n'a de sens dans mes dessous de satinLe {réveil} sonne mais c'est Santa qui s'éteint
24%
{Qui} {a} {le} {droit}De mentir à la Terre ? La fin de l'ère Tuer demain pour hier
19%
Il fait triste aujourd'hui,{Les} {larmes} {ne} {coulent} {pas}
16%
{Je} {brûle}, je vide, je peur, {je} {brûle},Je rouge, je noir, je pleure
16%
L'Amerique sans le rêve quand t'es pas là{Silverlake} au réveil, seras-tu là ?
16%
{Où} {va} {le} {temps} {qui} {s'en} {va} tant, qui s'en va tant ?
16%
Y a pas de musique sans fausses notesC'est comme {Paris} {en} {août}
16%
Aucun quiz correspondant
Distribution des résultats
% des personnes avec chaque résultat
Percentile par nombre de réponses
Votre historique - résultats
Vous n’avez pas pris ce quiz